Micro-organisme - Statistiques

Statistiques générales
  • Ce quiz a été pris 4 fois
  • Le résultat moyen est 6 sur 49
Statistiques - réponses
Maladie Micro-organisme % Correct
Tuberculose Mycobacterium tuberculosis
75%
Tétanos Clostridium tetani
50%
Herpès buccal HSV1
50%
Herpès génital HSV2
50%
Toxoplasmose Toxoplasma gondii
50%
Coqueluche Bordetella pertussis
25%
Lyme Borrelia burgdorferi
25%
Chlamydiose Chlamydia trachomatis
25%
Cryptosporidiose Cryptosporidium
25%
MNI EBV
25%
Maladie de Kaposi HHV8
25%
Leishmaniose Leishmania spp
25%
Rage Lyssavirus
25%
Lèpre Mycobacterium leprae
25%
Paludisme Plasmodium spp
25%
Syphilis Treponema pallidum
25%
Varicelle - Zona VZV
25%
Yerniniose Yersinia spp
25%
Ankylostomose Ancylostoma spp
0%
Ascaridiose Ascaris lumbricoides
0%
Bartonellose Bartonella henselae
0%
Brucellose Brucella spp
0%
Fièvre Q Coxiella burnetii
0%
Amibiase Entamoeba histolytica
0%
Oxyurose Enterobius vermicularis
0%
Tularémie Francisella tularensis
0%
Giardiase Giardia duodenalis
0%
Chancre mou Haemophilus ducreyi
0%
Condylomes HPV 6 11
0%
Leptospirose Leptospira interrogans
0%
Listeriose Lysteria monocytogenes
0%
Mycoplasme génital Mycoplasma genitalium
0%
Gonorhée Neisseria gonorhoeae
0%
Pasteurellose Pasteurella multilocida
0%
Pédiculose Pediculus humanus
0%
Phrtiose Phtirius pubis
0%
Rickettsiose Rickettsia spp
0%
Fièvre typhoïde Salmonella enterica
0%
Gale Sarcoptes scabiei
0%
Bilharziose Schistosoma spp
0%
Anguillulose Strongyloides stercoralis
0%
Teniasis bovin Taenia sagitana
0%
Teniasis porc Taenia solium
0%
Echinococcose Taenia spp
0%
Toxocarose Toxocara canis Toxocara cati
0%
Angine de Vincent Treponema vincentii Fusobacterium necrophorum
0%
Trichomonose Trichomonas vaginalis
0%
Grippe Virus influnzae
0%
Oreillons Virus ourlien
0%
Aucun quiz correspondant
Distribution des résultats
% des personnes avec chaque résultat
Percentile par nombre de réponses
Votre historique - résultats
Vous n’avez pas pris ce quiz